Komparácia vybraných právnych foriem podnikania na Slovensku bakalárska práca

Saved in:
Bibliographic Details
Main Author: Žemlová, Linda
Corporate Author: Fakulta podnikového manažmentu EU. Katedra podnikovohospodárska
Other Authors: Kinčáková, Michaela
Format: Book
Language:Slovak
Published: Bratislava 2013
Tags: Add Tag
No Tags, Be the first to tag this record!

MARC

LEADER 00000nbm a2200000 4500
001 0176215
005 20170209092547.5
041 0 |a slo 
044 |a SK 
245 1 0 |a Komparácia vybraných právnych foriem podnikania na Slovensku  |b bakalárska práca  |c Linda Žemlová ; školiteľ: Michaela Kinčáková 
264 1 |a Bratislava  |c 2013 
300 |a 47 s. 
100 1 |a Žemlová, Linda 
700 1 |a Kinčáková, Michaela 
710 2 |a Fakulta podnikového manažmentu EU. Katedra podnikovohospodárska